Southville International School and Colleges
Your cart is empty.
  • Cart
  • Lists
    Public lists Eva Luna New books Lux_list list_1
    Your lists Log in to create your own lists
  • Log in to your account
  • Your cookies
  • Search history
Southville International School and Colleges
  • Advanced search
  • Recent comments
  • Most popular
  • Libraries

Log in to your account

Log in with GOOGLE


If you do not have an external account, but do have a local account, you can still log in:

  1. Home
  2. MARC view: Hercules :
Normal view MARC view ISBD view

Hercules : (Record no. 110692)

[ view plain ]
MARC details
000 -LEADER
fixed length control field 00560nam a2200193 a 4500
001 - CONTROL NUMBER
control field 0193
005 - DATE AND TIME OF LATEST TRANSACTION
control field 20140414131902.0
008 - FIXED-LENGTH DATA ELEMENTS--GENERAL INFORMATION
fixed length control field 040819s19uu xx 00 eng d
020 ## - INTERNATIONAL STANDARD BOOK NUMBER
International Standard Book Number 1-85471-893-2
050 ## - LIBRARY OF CONGRESS CALL NUMBER
Classification number FIC
Item number D85 1997
100 ## - MAIN ENTRY--PERSONAL NAME
Personal name Dubowski, Cathy East
245 ## - TITLE STATEMENT
Title Hercules :
Remainder of title based on Disney's new animated epic adventure! /
Statement of responsibility, etc adapted by Cathy East Duboswki.
260 ## - PUBLICATION, DISTRIBUTION, ETC. (IMPRINT)
Place of publication, distribution, etc Australia :
Name of publisher, distributor, etc Disney Enterprises,
Date of publication, distribution, etc 1997.
300 ## - PHYSICAL DESCRIPTION
Extent 84 p. : ill. ; cm.
440 ## - SERIES STATEMENT/ADDED ENTRY--TITLE
Title Disney's
650 ## - SUBJECT ADDED ENTRY--TOPICAL TERM
Topical term or geographic name as entry element Fiction.
650 ## - SUBJECT ADDED ENTRY--TOPICAL TERM
Topical term or geographic name as entry element Children stories.
Holdings
Withdrawn status Lost status Damaged status Use restrictions Home library Current library Shelving location Date acquired Source of acquisition Total Checkouts Full call number Barcode Date last seen Price effective from Koha item type
        Munich Library Munich Library Fiction Section 08/19/2004     FIC D85 1997 M1161 04/14/2014 04/14/2014 Books

Hercules :

APA

Dubowski C. E., . (1997). Hercules. Australia: Disney Enterprises.

Chicago

Dubowski Cathy East, . 1997. Hercules. Australia: Disney Enterprises.

Harvard

Dubowski C. E., . (1997). Hercules. Australia: Disney Enterprises.

MLA

Dubowski Cathy East, . Hercules. Australia: Disney Enterprises. 1997.

  • Place hold
  • Print
  • Cite
  • Add to your cart (remove)
  • Save record
    BIBTEX Dublin Core MARCXML MARC (non-Unicode/MARC-8) MARC (Unicode/UTF-8) MARC (Unicode/UTF-8, Standard) MODS (XML) RIS
  • More searches
    Search for this title in:
    Other Libraries (WorldCat) Other Databases (Google Scholar) Online Stores (Bookfinder.com) Open Library (openlibrary.org)

Exporting to Dublin Core...

SOUTHVILLE LIBRARY

Southville International School and Colleges Library

1281 Tropical Ave. Cor. Luxembourg St., BF Homes International, Las Pinas City

Tel. No. 8256374 / 252358 Loc. 117/146

Powered by Koha